|
|
|
|
| LEADER |
00000nam a2200000 a 4500 |
| 001 |
vtls008629867 |
| 003 |
SK-MaSNL |
| 005 |
20260301021607.0 |
| 008 |
240314s2005 xo a g d 000 0 ger |
| 015 |
|
|
|a SNBA2006/05-02576
|
| 020 |
|
|
|a 8088814413
|q (viaz.)
|
| 035 |
|
|
|a urn:nbn:sk:snk-am00a1l7
|
| 035 |
|
|
|a urn:nbn:sk:snk-am3hd9b
|
| 035 |
|
|
|a 9F6D126C-5F11-4B45-87F6-E714C6212C53
|
| 040 |
|
|
|a SNK
|b slo
|c SNK
|e AACR2
|
| 041 |
0 |
|
|a ger
|a slo
|
| 044 |
|
|
|a xo
|c SK
|
| 072 |
|
7 |
|a 81
|x Jazykoveda . Jazyky
|2 konspekt
|
| 080 |
|
|
|a 811.162.4
|2 2001
|
| 080 |
|
|
|a (038)81
|2 2001
|
| 080 |
|
|
|a 811.112.2
|2 2001
|
| 100 |
1 |
|
|a Balcová, Táňa
|4 aut
|9 310818
|
| 245 |
1 |
0 |
|a Veľký nemecko-slovenský a slovensko-nemecký slovník
|c Táňa Balcová ; [ilustrácie: Soňa Šefčovičová]
|
| 250 |
|
|
|a 1. vyd.
|
| 260 |
|
|
|a Bratislava
|b Kniha - Spoločník
|c 2005
|
| 504 |
|
|
|a Zoz. skrat. použ. v slovníku
|
| 650 |
0 |
7 |
|a nemčina
|2 SNKPH
|9 1384
|
| 650 |
0 |
7 |
|a slovenčina
|2 SNKPH
|9 1350
|
| 655 |
|
7 |
|a jazykové slovníky
|2 SNKPH
|9 70525
|
| 700 |
1 |
|
|a Šefčovičová, Soňa
|4 ill
|9 310819
|
| 852 |
|
|
|a Akadémia umení v Banskej Bystrici
|
| 919 |
|
|
|a 80-88814-41-3
|
| 999 |
|
|
|c 565663
|d 567593
|
| 952 |
|
|
|a SNK
|b SNK
|y PREZ
|7 0
|p 17A0501057
|o snkSC 122943
|i snk2006/5175
|8 0
|0 0
|1 0
|4 0
|d 2006-03-09
|f 1
|l 0
|r 2025-06-04 00:00:00
|w 2026-02-23
|
| 952 |
|
|
|a SNK
|b SNK
|y VYP
|7 0
|p 17A0499501
|o snkSC 122943 D1
|i snk2006/5176
|8 0
|0 0
|1 0
|4 0
|d 2006-03-09
|l 0
|r 2026-02-23 13:56:48
|w 2026-02-23
|